El narrador

Gardado en:
Detalles Bibliográficos
Autor Principal: Covarrubias Fernández, Carlos (Author)
Formato: Libro
Idioma:Lingua castelá
Publicado: Quingue 2008
Edición:1a. ed
Subjects:
Tags: Engadir etiqueta
Sen Etiquetas, Sexa o primeiro en etiquetar este rexistro!

MARC

LEADER 00000nam a2200000 a 4500
001 UCH0951
003 CL-VaPUC
008 090402e20080000EC |||||||||||||||||spa|d
082 0 4 |a Ch863  |b COV  |2 21 
100 0 |a Covarrubias Fernández, Carlos  |e author  |9 535320 
245 1 3 |a El narrador 
246 1 0 |a Dibujos de Dolores Andrade 
250 |a 1a. ed 
300 |a 100 p 
942 |c BK 
945 |d 20090402 00:00:00  |a rbrito 
260 |b Quingue  |c 2008 
650 0 |a Novelas chilenas   |9 265425 
650 7 |a DIBUJOS ARQUITECTONICOS  |2 CL-VaPUC  |9 535321 
583 |a last modification  |c 20160505 09:29:53  |k Rodrigo Vera 
999 |c 333106  |d 333104 
952 |0 0  |1 0  |4 0  |6 CH_863_000000000000000_COV_2008  |7 0  |8 A  |9 421280  |a BIBARQ  |b BIBARQ  |d 2019-11-22  |i 452926K  |o Ch863 COV 2008  |p 452926K  |r 2025-01-20  |w 2019-11-22  |y BK  |k ARQ 
952 |0 0  |1 0  |4 0  |6 CH_863_000000000000000_COV_2008  |7 0  |8 A  |9 421281  |a BIBARQ  |b BIBARQ  |d 2019-11-22  |i 4570812  |o Ch863 COV 2008  |p 4570812  |r 2025-01-20  |w 2019-11-22  |y BK  |k ARQ